000 00474nam a2200157Ia 4500
005 20250508152840.0
008 008 250505s9999 xx 000 0 eng d
037 _aBooks to be hide in OPAC
040 _aFEDL
_beng
_cFEDL
041 _aeng
_2eng
084 _a010, REF
_qFEDL
245 0 _aReference catalogue of current literature : Vols. 2
260 _aLondon, UK
_bJ Whitaker and Sons, Limited
_c1961
942 _cHB
_h010, REF
999 _c1339176
_d1339176